| 000 | 00489nam a2200181 i 4500 | ||
|---|---|---|---|
| 001 | 8118 | ||
| 003 | ES-MaACL | ||
| 005 | 20230906145401.0 | ||
| 007 | t| | ||
| 008 | 920220s1991 sp |||| | spa d | ||
| 020 | _a84-7039-6277 | ||
| 080 | _a86-14"19" | ||
| 100 | 1 |
_aMoxó Ruano, Antonio. _983945 |
|
| 245 | 1 | 0 |
_aPoemas del andar y del pensar, amorcillos / _cAntonio Moxó Ruano. |
| 260 |
_aMadrid : _bCastalia, _cD.L. 1991. |
||
| 300 |
_a207 p. ; _c21 cm. |
||
| 852 |
_aES-MaACL _jL-15550 |
||
| 999 |
_c8118 _d8118 |
||